Statistics for 8 Ball Pool Tables

Click here to take the quiz!

General Stats

  • This quiz has been taken 23 times
  • The average score is 15 of 19

Answer Stats

Entry FeeAnswer% Correct
50,000Jakarta
94%
10,000Las Vegas
94%
50London
94%
100Sydney
94%
2,500Tokyo
94%
All InMonaco
83%
500Moscow
83%
2,500,000Paris
83%
100,000Toronto
83%
25,000,000Berlin
78%
250,000Cairo
78%
4,000,000Rome
78%
15,000,000Mumbai
72%
10,000,000Seoul
72%
1,000,000Shanghai
72%
500,000Dubai
67%
75,000,000 (pro)Venice
67%
5,000,000Bangkok
61%
50,000 (pro)Monte Carlo
61%

Score Distribution

Percentile by Number Answered

Percent of People with Each Score

Your Score History

You have not taken this quiz